| 000 | 00418nam a2200157 i 4500 | ||
|---|---|---|---|
| 001 | 94836 | ||
| 003 | ES-MaACL | ||
| 005 | 20230906181552.0 | ||
| 007 | t| | ||
| 008 | 050517s1944 po ||||1| por d | ||
| 100 | 1 |
_aLubambo, Manuel. _974491 |
|
| 245 | 1 | 2 |
_aO humanismo financiero de Salazar / _cManuel Lubambo. |
| 260 |
_a[s.l. : _bs.n.], _c1944. |
||
| 300 |
_a90 p. ; _c17 cm. |
||
| 852 |
_aES-MaACL _jD-5734 _bR.31379 |
||
| 999 |
_c94836 _d94836 |
||